000
00294nam a2200109Ia 4500
005
20251222153643.0
008
251222s9999||||xx |||||||||||||| ||spa||
082
_a
600/B13H/C1-2
100
_a
"Fosca, CarlosIsmodes, Eduardo"
245
0
_a
TecnologĂa 1 y 2: cuaderno de actividades
942
_c
LIB
999
_c
32823
_d
32823